000
00252nam a2200097Ia 4500
001
1195470
005
20250827021748.0
008
250824s9999 xx 000 0 und d
245
0
_a
AYDINLANMA DEĞİL MERHAMET
_c
ALEV ALATLI
260
_b
EVEREST YAYINLARI
999
_c
1195470
_d
1195470